| 000 | 00417nam a22001697a 4500 | ||
|---|---|---|---|
| 003 | OSt | ||
| 008 | 240427b |||||||| |||| 00| 0 eng d | ||
| 020 | _a9789352534357 | ||
| 082 | _a658.3 KHH | ||
| 100 | _aKHANNA, S. S. | ||
| 245 | _aHuman Resource Management: Text and Cases | ||
| 250 | _a2 nd. ed., | ||
| 260 |
_aNew Delhi, _bS Chand Publishing, _c2023, |
||
| 300 | _a773 p. | ||
| 650 | _aBBA | ||
| 942 |
_2ddc _cBK |
||
| 999 |
_c12559 _d12559 |
||